000 00576nam a2200205Ia 4500
005 20250923145133.0
008 008 250917s9999 xx 000 0 eng d
037 _aTextual
040 _aDSWL
_beng
_cDSWL
041 _aeng
_2eng
084 _aYXxM18, N68
_qDSWL
100 _aLefebvre, Henri
_9832132
245 0 _aSociology of Marx
_cby Henri Lefebvre
260 _aAllen
_bLane, London The Penguin Press
_c1968
300 _axii,628,92p.
365 _aINR
_b36
925 _g36
942 _cTEXL
_hYXxM18, N68
999 _c1447594
_d1447594